The museum of modern art

Na minha lista:
Detalhes bibliográficos
Autor principal: Walker, Evans (Author)
Formato: Livro
Idioma:inglês
Publicado em: Nueva York The Museum of Modern Art 1971
Assuntos:
Tags: Adicionar Tag
Sem tags, seja o primeiro a adicionar uma tag!

MARC

LEADER 00000nam a2200000 a 4500
001 UCY0150
003 CL-VaPUC
008 940714e19710000US |||||||||||||||||eng|d
082 0 4 |a 779.092  |b WAL  |2 21 
100 0 |a Walker, Evans  |e author  |9 327775 
245 1 4 |a The museum of modern art 
300 |a 189 p 
942 |c BK 
945 |d 19940714 00:00:00  |a oaravena 
260 |a Nueva York  |b The Museum of Modern Art  |c 1971 
650 0 |a Fotografía  |9 268495 
650 0 |a Fotografía artística  |9 269391 
583 |a last modification  |c 19940714 00:00:00  |k Rodrigo Vera 
999 |c 229232  |d 229230 
952 |0 0  |1 0  |4 0  |6 779_092000000000000_WAL_1971  |7 0  |8 A  |9 230090  |a BIBARQ  |b BIBARQ  |d 2019-11-15  |i 2991063  |o 779.092 WAL 1971  |p 2991063  |r 2025-01-20  |w 2019-11-15  |y BK  |k ARQ